ARRUPE JESUIT UNIVERSITY

CORONAVIRUS -STOP THE SPREAD - CLEAN,DISINFECT,COVER

Mark / (Record no. 126678)

MARC details
000 -LEADER
fixed length control field 01777cam a22003014a 4500
001 - CONTROL NUMBER
control field 16783033
003 - CONTROL NUMBER IDENTIFIER
control field ARRUPE
005 - DATE AND TIME OF LATEST TRANSACTION
control field 20170817092943.0
008 - FIXED-LENGTH DATA ELEMENTS--GENERAL INFORMATION
fixed length control field 110517s2011 miuab b 001 0 eng
010 ## - LIBRARY OF CONGRESS CONTROL NUMBER
LC control number 2011019244
020 ## - INTERNATIONAL STANDARD BOOK NUMBER
International Standard Book Number 9780801034374 (pbk.)
020 ## - INTERNATIONAL STANDARD BOOK NUMBER
International Standard Book Number 080103437X (pbk.)
035 ## - SYSTEM CONTROL NUMBER
System control number (OCoLC)ocn699760402
040 ## - CATALOGING SOURCE
Original cataloging agency DLC
Transcribing agency DLC
Modifying agency YDX
-- BTCTA
-- YDXCP
-- KAT
-- VLB
-- BWX
-- CDX
-- DLC
042 ## - AUTHENTICATION CODE
Authentication code pcc
050 00 - LIBRARY OF CONGRESS CALL NUMBER
Classification number BS2585.53
Item number .B43 2011
082 00 - DEWEY DECIMAL CLASSIFICATION NUMBER
Classification number 226.3/07
Edition number 23
300 ## - PHYSICAL DESCRIPTION
Other physical details ill., map ;
Dimensions 23 cm.
100 1# - MAIN ENTRY--PERSONAL NAME
Personal name Beavis, Mary Ann.
9 (RLIN) 2691
245 10 - TITLE STATEMENT
Title Mark /
Statement of responsibility, etc Mary Ann Beavis.
260 ## - PUBLICATION, DISTRIBUTION, ETC. (IMPRINT)
Place of publication, distribution, etc Grand Rapids, MI :
Name of publisher, distributor, etc Baker Academic,
Date of publication, distribution, etc c2011.
300 ## - PHYSICAL DESCRIPTION
Extent xvii, 302 p. :
490 0# - SERIES STATEMENT
Series statement Paideia : commentaries on the New Testament
504 ## - BIBLIOGRAPHY, ETC. NOTE
Bibliography, etc Includes bibliographical references and indexes.
505 0# - FORMATTED CONTENTS NOTE
Formatted contents note Mark 1:1-13 : Prologue : John and Jesus -- Mark 1:14-15 : Transition : Summary of the Good News -- Mark 1:16-3:35 : Act 1 : Jesus in Galilee -- Mark 4:1-34 : Interlude : Teaching in parables -- Mark 4:35-6:56 : Act 2 : Beyond Galilee -- Mark 7:1-23 : Interlude : Teaching on ritual and moral purity -- Mark 7:24-9:29 : Act 3 : Mission in Gentile regions -- Mark 9:30-10:52 : Interlude : Teaching on the way to Jerusalem -- Mark 11:1-12:44 : Act 4 : Opposition in Jerusalem -- Mark 13:1-37 : Interlude : Teaching on the End Times -- Mark 14:1-15:47 : Act 5 : Passion narrative -- Mark 16:1-8 : Epilogue : Women at the empty tomb.
630 00 - SUBJECT ADDED ENTRY--UNIFORM TITLE
Uniform title Bible.
Name of part/section of a work Mark
Form subdivision Commentaries.
9 (RLIN) 15393
830 #0 - SERIES ADDED ENTRY--UNIFORM TITLE
Uniform title Paideia (Grand Rapids, Mich.)
9 (RLIN) 34834
906 ## - LOCAL DATA ELEMENT F, LDF (RLIN)
a 7
b cbc
c orignew
d 1
e ecip
f 20
g y-gencatlg
942 ## - ADDED ENTRY ELEMENTS (KOHA)
Source of classification or shelving scheme Library of Congress Classification
Koha item type Monograph ( Printed materials)
Holdings
Withdrawn status Lost status Source of classification or shelving scheme Damaged status Not for loan Collection code Home library Current library Shelving location Date acquired Total Checkouts Full call number Barcode Date last seen Date checked out Price effective from Koha item type
    Library of Congress Classification     Main Collection ARRUPE LIBRARY ARRUPE LIBRARY Main Collection 17/08/2017 2 BS2585.53 .B43 2011 46500024628 09/03/2023 15/02/2023 17/08/2017 Monograph ( Printed materials)

 

Arrupe Library. PO Box MP320 Mt Pleasant, Harare, Zimbabwe
263 242 745411|librarian@aju.ac.zw